000 00364nam a2200157Ia 4500
003 LK-CoDNM
008 010623t1972 xxu||||| |||| 00| 1 eng d
040 _aLK-CoDNM
_dLK-CoDNM
_eLK-CoDNM
041 _aeng
080 _a(x) 061:54
245 _aInstitute of Chemistry Ceylon
260 _b?
_c1972
300 _b15p., 25 cm
650 _aScience
942 _cBK
999 _c108730
_d108730